000 00489nam a22001817a 4500
005 20170517125653.0
010 _aENG-118211
020 _a9789382711650
_c245.00
035 _aEN-101743
037 _bDBAD/PUB
082 _aN
100 _aJakhotiya, Girish
245 _aThe outburst /
_cby Girish Jakhotiya
260 _aNew Delhi
_bVitasta Publishing
_c2016
270 _a2/15, Ansari Road, Daryaganj, New Delhi-110002
300 _a266p
_c21cm.(pbk)
942 _2ddc
_cEN
_hN
_mJAK
999 _c140025
_d140025